Μέτρηση και χαρτογράφηση επιπέδου ήχου στην πόλη της Μυτιλήνης : πτυχιακή εργασία

Αποθηκεύτηκε σε:
Λεπτομέρειες βιβλιογραφικής εγγραφής
Κύριος συγγραφέας: Αγγελής, Ευστράτιος
Συγγραφή απο Οργανισμό/Αρχή: Πανεπιστήμιο Αιγαίου. Σχολή Περιβάλλοντος. Τμήμα Περιβάλλοντος
Μορφή: Thesis Βιβλίο
Γλώσσα:Greek
Δημοσίευση: 2006-2007.
Θέματα:
Διαθέσιμο Online:http://hdl.handle.net/11610/10525
Ετικέτες: Προσθήκη ετικέτας
Δεν υπάρχουν, Καταχωρήστε ετικέτα πρώτοι!

MARC

LEADER 00000cam a2200000 i 4500
001 1/102643
008 090313s2007 gre d
035 |l 10103743 
040 |a GR-MY-UA  |b gre  |e aacr 
041 0 |a gre 
082 0 |a 363.74  |2 (22) 
100 1 |a Αγγελής, Ευστράτιος. 
245 1 0 |a Μέτρηση και χαρτογράφηση επιπέδου ήχου στην πόλη της Μυτιλήνης :   |b πτυχιακή εργασία /   |c Αγγελής Ευστράτιος ; υπεύθυνος καθηγητής Χρήστος Ματσούκας.  
260 |c 2006-2007.  
300 |a 65+[47] σ. :   |b πιν., εικ. ;   |c 30 εκ.  
502 |a Πτυχιακή εργασία - Πανεπιστήμιο Αιγαίου, Λέσβος, 2007.  
504 |a Περιέχει βιβλιογραφία.  
650 0 0 |a Noise pollution  |z Greece  |z Mytilene (Lesbos Island) 
650 0 0 |a Noise pollution  |x Measurement. 
650 0 0 |a Dissertations, Academic  |z Greece. 
700 1 |a Ματσούκας, Χρήστος,  |e dgs 
710 2 |a Πανεπιστήμιο Αιγαίου.   |b Σχολή Περιβάλλοντος.   |b Τμήμα Περιβάλλοντος. 
852 |a INST  |b LESVOS  |c DIATR  |e 20090313  |h 1121  |p 005100044500  |q 005100044500  |t DIE  |y 23 
852 |a INST  |b LESVOS  |c DIATR  |e 20090313  |h 1122  |p 005100044499  |q 005100044499  |t DIE  |y 23 
856 |u http://hdl.handle.net/11610/10525 
901 |a BIBL1-2009-1 
909 |a Λ  |b 141021 
909 |a Λ  |b 141020 
924 |a ΑΓΓΕΛΗΣ  |b ΕΥΣΤΡΑΤΙΟΣ  |y ΛΕΣΒΟΣ  |z 2007-05 
970 |a ΤΖΑΦΕΡΗ  |b ΕΥΑΓΓΕΛΙΑ  |z 2009/03/13